Normal view
MARC view
- FARES, ALI
Entry Personal Name
001 - CONTROL NUMBER
- control field: 91168
003 - CONTROL NUMBER IDENTIFIER
- control field: NUST
005 - DATE AND TIME OF LATEST TRANSACTION
- control field: 20220421143524.0
008 - FIXED-LENGTH DATA ELEMENTS
- fixed length control field: 220421|| aca||aabn | a|a d
040 ## - CATALOGING SOURCE
- Original cataloging agency: NUST
- Transcribing agency: NUST
100 ## - HEADING--PERSONAL NAME
- Personal name: FARES, ALI
670 ## - SOURCE DATA FOUND
- Source citation: Work cat.: (NUST): FARES, ALI., ARSENIC WATER RESOURCES CONTAMINATION /, 2020.
